Desarrollo tecnológico y transferencia de tecnología en el agro costarricense. Proyecto de Investigación
Збережено в:
| Формат: | Текст |
|---|---|
| Опубліковано: |
Sna Pedro de M. de O. :
|
| Теги: |
Додати тег
Немає тегів, Будьте першим, хто поставить тег для цього запису!
|
MARC
| LEADER | 00000 a a2200000 04500 | ||
|---|---|---|---|
| 001 | 15051 | ||
| 003 | |||
| 040 | |a CRAI/IIS |c CRAI/IIS | ||
| 090 | |a 023800 | ||
| 245 | |a Desarrollo tecnológico y transferencia de tecnología en el agro costarricense. Proyecto de Investigación | ||
| 260 | |a Sna Pedro de M. de O. : | ||
| 300 | |a 12 p. | ||
| 999 | |c 17508 |d 17508 | ||
